000 01022nam a2200253Ia 4500
999 _c4173
_d4173
003 OSt
005 20200611140808.0
008 191128t2009 ck a gr 000 j spa d
020 _a9789584516695
040 _aCO-JMCR
_cCO-JMCR
041 _aspa
082 _aC /
_bWOLm
100 _aWolff, Ferida,
_d1946
_eautora
_95507
245 1 3 _aLa manta de las historias /
_cFerida Wolff, Harriet May Savitz; ilustración Elena Odriozola
250 _aPrimera edición
260 _aBogotá :
_bNorma,
_c©2009
300 _a26 páginas sin numerar :
_b ilustraciones a color ;
_c 24 cm.
490 _aBuenas noches
520 _aBabba Zarrah tiene una hermosa manta de lana, en la que los niños aman sentarse para escuchar historias. Cuando Babba Zarrah se da cuenta de que sus vecinos necesitan ropa nueva, desbarata en secreto su manta de las historias.
650 _aCuentos infantiles
_95508
700 _aSavitz,Harriet May,
_eautora
_95509
700 _a Odrizola, Elena,
_eilustradora
_95510
942 _2ddc
_cBK